| 000 -ლიდერი |
| ფიქსირებული სიგრძის საკონტროლო ველი |
01091nam a2200241Ia 4500 |
| 001 - საკონტროლო ნომერი |
| საკონტროლო ველი |
14031 |
| 003 - საკონტროლო ნომრის იდენტიფიკატორი |
| საკონტროლო ველი |
GE_BSU |
| 005 - ბოლო ოპერაციის თარიღი და დრო |
| საკონტროლო ველი |
20241028163318.0 |
| 008 - ფიქსირებული სიგრძის მონაცემთა ელემენტები - ზოგადი ინფორმაცია |
| ფიქსირებული სიგრძის საკონტროლო ველი |
181216s||||||||xx |||||||||||||| ||und|| |
| 020 ## - წიგნის საერთაშორისო სტანდარტული ნომერი |
| International Standard Book Number |
9789941153495 |
| 040 ## - კატალოგიზაციის წყარო |
| Transcribing agency |
GE_BSU |
| 041 ## - ენის კოდი |
| Language code of text/sound track or separate title |
geo |
| 080 ## - უნივერსალური ათობითი კლასიფიკაციის ინდექსი |
| Universal Decimal Classification number |
821.353.1-31 ო-93 |
| 245 ## - ცნობა სათაურის შესახებ |
| Title |
21-ე საუკუნის ქართული მოთხრობა : |
| Remainder of title |
ანთოლოგია / |
| Statement of responsibility, etc |
[შემდგ. ბაკურ სულაკაური ; რედ. თეა ქიტოშვილი]. |
| 250 ## - გამოცემის ცნობა |
| Edition statement |
[I-ლი გამოც.] |
| 264 ## - წარმოების, გამოცემის, დისტრიბუციის და სხვა ცნობები |
| გამოცემის, წარმოების, დისტრიბუციის... ადგილი |
თბილისი : |
| გამოცემის, წარმოების, დისტრიბუციის... სახელწოდება |
ბაკურ სულაკაურის გამ-ბა, |
| გამოცემის, წარმოების, დისტრიბუციის... თარიღი |
2011. |
| 300 ## - ფიზიკური აღწერა |
| Extent |
492 გვ. ; |
| Dimensions |
24 სმ. |
| 653 ## - INDEX TERM--UNCONTROLLED |
| Uncontrolled term |
21-ე საუკუნის ქართული მოთხრობა ანთოლოგია |
| 700 ## - ADDED ENTRY--PERSONAL NAME |
| Personal name |
სულაკაური, ბაკურ |
| Relator term |
შემდგენელი |
| 9 (RLIN) |
13805 |
| 700 ## - ADDED ENTRY--PERSONAL NAME |
| Personal name |
ქიტოშვილი, თეა |
| Relator term |
რედაქტორი |
| 9 (RLIN) |
23529 |
| 942 ## - ADDED ENTRY ELEMENTS (KOHA) |
| Koha item type |
წიგნი |
| Source of classification or shelving scheme |
|